000 00815nam a2200169 a 4500
008 120416s1997 ||||||||||||||||| || u
020 _a8171694284
050 _aHF 5415.13 Sin
100 _aSingh, U. K
245 1 0 _aMarketing
246 _amicro-macro analysis
260 _aNew Delhi
_bCommonwealth Publishers
_c1997
350 _a0.00
995 _aMAIN LIBRARY OPEN ACCESS
_D0.00
_e732357
_FCBU-MAIN LIBRARY (Kitwe)
_H2
_I45.00
_jHF 5415.13 Sin
_M2
_UAVAILABLE
_y029599
_ZMain Library Open Access Collection
995 _aBINDERY (DAMAGED)
_D0.00
_e732358
_FCBU-MAIN LIBRARY (Kitwe)
_H1
_I45.00
_jHF 5415.13 Sin
_M1
_UDAMAGED
_y029600
_ZMain Library Open Access Collection
995 _aBINDERY (DAMAGED)
_D0.00
_e732359
_FCBU-MAIN LIBRARY (Kitwe)
_H3
_I45.00
_jHF 5415.13 Sin
_M3
_UDAMAGED
_y029601
_ZMain Library Open Access Collection
999 _c82617
_d82617